Statistics for Movies by Emoji πŸŽ₯

Click here to take the quiz!

General Stats

  • This quiz has been taken 2,835 times
  • The average score is 9 of 15

Answer Stats

EmojisMovies% Correct
🚒 πŸ’• πŸ‘«Titanic
88%
πŸ‘» πŸš’Ghostbusters
86%
πŸš΄β€β™‚οΈ πŸŒ• πŸ‘½E.T. The Extra-Terrestrial
85%
πŸ¦– 🎑 🏰Jurassic Park
72%
πŸ–οΈ 🦈 πŸ„Jaws
71%
πŸ¦‡ 🀑The Dark Knight
71%
πŸƒβ€β™‚οΈ πŸ“ πŸ‡»πŸ‡³Forrest Gump
58%
πŸ‘‚ 🎢 β›ͺThe Sound of Music
57%
🌊 🚒 πŸ…Life of Pi
56%
🍫 🏭 🎫Willy Wonka and the Chocolate Factory
47%
β˜‚οΈ ✨ 🏠Mary Poppins
42%
πŸ‘Ά πŸš— πŸ’΅Baby Driver
41%
🌠 πŸ”¦ βš”οΈStar Wars: A New Hope
40%
πŸš— πŸ•Back to the Future
35%
🍌 πŸ’‚β€β™€οΈ πŸ‘‘Minions
30%

Score Distribution

Percentile by Number Answered

Percent of People with Each Score

Your Score History

You have not taken this quiz